| 000 | 00000nam##2200000za#4500 |
| 001 | 9.649798 |
| 003 | CaOODSP |
| 005 | 20240703102705 |
| 007 | ta |
| 008 | 150407|2005||||xxc||||| f|0| 0 eng|d |
| 020 | |a0-662-41102-1 |
| 040 | |aCaOODSP|beng |
| 043 | |an-cn--- |
| 086 | 1 |aA104-13/2005E |
| 110 | 2 |aCanadian Food Inspection Agency. |
| 245 | 10|aPets and petting zoos : |btips for preventing infections |
| 260 | |aOttawa - Ontario : |bCanadian Food Inspection Agency |c2005. |
| 300 | |a1 folded sheet. : |billus. ; |c22 cm. |
| 563 | |aPamphlet |
| 690 | 07|aDomestic animals|2gcpds |
| 775 | 08|tAnimaux de compagnie et zoos pour enfants : |w(CaOODSP)9.682948 |
| 776 | 0#|tPets and petting zoos : |w(CaOODSP)9.690009 |
| 986 | |aP0233E-05/06 |